[Event "75 Bulgarian Individual Men"]
[Site "Bankya"]
[Date "2011.04.20"]
[Round "12.6"]
[White "Berbatov, Kiprian"]
[Black "Arnaudov, G  Petar"]
[Result "1/2-1/2"]
[WhiteElo "2454"]
[BlackElo "2453"]
[PlyCount "76"]
[EventDate "2011.04.11"]

1. e4 e5 2. Nf3 Nc6 3. Bb5 a6 4. Ba4 Nf6 5. O-O Be7 6. Re1 b5 7. Bb3 d6 8. c3
O-O 9. h3 Bb7 10. d4 Nd7 11. a4 Na5 12. Ba2 c5 13. Na3 c4 14. b4 cxb3 15. Bxb3
exd4 16. cxd4 b4 17. Nb1 Nxb3 18. Qxb3 a5 19. Nbd2 Rc8 20. Bb2 Nb6 21. d5 Bf6
22. Nd4 Qd7 23. Nf5 Bc3 24. Re3 Bxd5 25. Nh6+ gxh6 26. exd5 Nxd5 27. Rg3+ Kh8
28. Ne4 Qe6 29. Nxc3 Nxc3 30. Bxc3+ bxc3 31. Rxc3 Qe5 32. Rac1 Rxc3 33. Qxc3
Qxc3 34. Rxc3 Rb8 35. Rd3 Rb4 36. Rxd6 Kg7 37. Rd5 Rxa4 38. g4 Ra3 1/2-1/2

[Event "75 Bulgarian Individual Men"]
[Site "Bankya"]
[Date "2011.04.20"]
[Round "12.7"]
[White "Nikolov, Momchil"]
[Black "Ninov, Nikolai"]
[Result "1-0"]
[WhiteElo "2571"]
[BlackElo "2543"]
[PlyCount "85"]
[EventDate "2011.04.11"]

1. d4 d5 2. Nf3 Nf6 3. c4 e6 4. Nc3 c6 5. Bg5 dxc4 6. e4 b5 7. e5 h6 8. Bh4 g5
9. Nxg5 hxg5 10. Bxg5 Nbd7 11. exf6 Bb7 12. g3 c5 13. d5 Qb6 14. Bg2 b4 15. O-O
O-O-O 16. Na4 Qb5 17. a3 Ne5 18. Qe2 Nd3 19. dxe6 Bxg2 20. Kxg2 Qc6+ 21. f3 Bh6
22. h4 Bxg5 23. hxg5 Rh5 24. e7 Rg8 25. Rae1 Re8 26. Qe4 Nxe1+ 27. Rxe1 Qxe4
28. fxe4 Rxg5 29. e5 Reg8 30. Re3 Rf5 31. Nxc5 c3 32. bxc3 bxa3 33. e6 fxe6 34.
Rxe6 a2 35. e8=Q+ Rxe8 36. Rxe8+ Kc7 37. Nb3 Rxf6 38. Re2 Ra6 39. Na1 Kd6 40.
Kf3 Ra3 41. Kf4 Kd5 42. g4 Kc4 43. Rc2 1-0

[Event "75 Bulgarian Individual Men"]
[Site "Bankya"]
[Date "2011.04.21"]
[Round "13.2"]
[White "Arnaudov, G  Petar"]
[Black "Nikolov, Momchil"]
[Result "1/2-1/2"]
[WhiteElo "2453"]
[BlackElo "2571"]
[PlyCount "60"]
[EventDate "2011.04.11"]

1. Nf3 Nf6 2. c4 b6 3. g3 Bb7 4. Bg2 e6 5. O-O Be7 6. Nc3 O-O 7. Re1 Ne4 8.
Nxe4 Bxe4 9. d3 Bb7 10. e4 c5 11. d4 cxd4 12. Nxd4 Nc6 13. e5 Qc8 14. Nb5 Na5
15. Bxb7 Nxb7 16. b3 a6 17. Nd6 Nxd6 18. exd6 Bf6 19. Rb1 b5 20. Bb2 Bxb2 21.
Rxb2 Qc5 22. cxb5 axb5 23. Rc2 Qb6 24. Qd3 b4 25. Re5 Ra6 26. Rb5 Qxd6 27. Qxd6
Rxd6 28. Rxb4 Ra8 29. a4 Kf8 30. Rb5 Ke7 1/2-1/2

[Event "75 Bulgarian Individual Men"]
[Site "Bankya"]
[Date "2011.04.21"]
[Round "13.3"]
[White "Radulski, Julian"]
[Black "Berbatov, Kiprian"]
[Result "1/2-1/2"]
[WhiteElo "2586"]
[BlackElo "2454"]
[PlyCount "115"]
[EventDate "2011.04.11"]

1. e4 c5 2. Nc3 d6 3. f4 g6 4. Nf3 Bg7 5. d4 cxd4 6. Nxd4 Nc6 7. Be3 Nf6 8. Be2
O-O 9. O-O Qb6 10. Qd3 Ng4 11. Bxg4 Bxd4 12. Bxd4 Qxd4+ 13. Qxd4 Nxd4 14. Bd1
Be6 15. Nd5 Bxd5 16. exd5 h5 17. c3 Nf5 18. Re1 Rfc8 19. Bc2 Kf8 20. Bxf5 gxf5
21. Re3 Rc4 22. Rae1 Re8 23. g3 Rc5 24. Rd3 b5 25. Kf2 Rb8 26. a3 a5 27. Rd4 b4
28. axb4 axb4 29. cxb4 Rcb5 30. Ke3 Rxb4 31. Rxb4 Rxb4 32. Rb1 h4 33. gxh4 Kg7
34. Kd3 Rxf4 35. b4 Rxh4 36. b5 Rxh2 37. b6 Rh8 38. Kc4 e5 39. Kb5 e4 40. Kc6
f4 41. Kxd6 Kf6 42. b7 e3 43. Kc7 f3 44. d6 f2 45. d7 e2 46. b8=Q Rxb8 47. Kxb8
e1=Q 48. d8=Q+ Kg7 49. Qg5+ Kf8 50. Qh6+ Kg8 51. Qc1 Qe5+ 52. Kb7 Kg7 53. Kc6
Kg6 54. Qc2+ Qf5 55. Qxf5+ Kxf5 56. Rf1 Ke4 57. Rxf2 f5 58. Rxf5 1/2-1/2

[Event "75 Bulgarian Individual Men"]
[Site "Bankya"]
[Date "2011.04.21"]
[Round "13.4"]
[White "Spasov, Vasil"]
[Black "Pantev, Veselin"]
[Result "1/2-1/2"]
[WhiteElo "2590"]
[BlackElo "2396"]
[PlyCount "64"]
[EventDate "2011.04.11"]

1. d4 d5 2. c4 c6 3. cxd5 cxd5 4. Nc3 Nc6 5. Nf3 Nf6 6. Bf4 Bf5 7. e3 e6 8. Bd3
Bxd3 9. Qxd3 Bd6 10. Bxd6 Qxd6 11. Rc1 O-O 12. O-O Rac8 13. a3 a6 14. Rc2 Ne7
15. Rfc1 h6 16. Ne2 Rxc2 17. Rxc2 Rc8 18. Rxc8+ Nxc8 19. Qc2 Ne7 20. Nf4 Qc6
21. Qxc6 Nxc6 22. Kf1 Ne4 23. Ke2 Kf8 24. Nd2 Nxd2 25. Kxd2 Ke7 26. Nd3 b6 27.
h4 h5 28. Nf4 g6 29. f3 Kf6 30. Nd3 Ke7 31. Nf4 Kf6 32. Nd3 Ke7 1/2-1/2

[Event "75 Bulgarian Individual Men"]
[Site "Bankya"]
[Date "2011.04.21"]
[Round "13.5"]
[White "Enchev, Ivajlo"]
[Black "Delchev, Aleksander"]
[Result "0-1"]
[WhiteElo "2431"]
[BlackElo "2625"]
[PlyCount "97"]
[EventDate "2011.04.11"]

1. d4 Nf6 2. c4 g6 3. Nc3 d5 4. cxd5 Nxd5 5. Bd2 Nb6 6. Bf4 Bg7 7. e3 O-O 8.
Rc1 c5 9. dxc5 Bxc3+ 10. Rxc3 Qxd1+ 11. Kxd1 Na4 12. Ra3 Rd8+ 13. Ke1 Nxc5 14.
Bc7 Rf8 15. Bxb8 Rxb8 16. Rxa7 Be6 17. b4 Ne4 18. Ne2 Ra8 19. Rxa8 Rxa8 20. f3
Nf6 21. Nf4 Rxa2 22. Nxe6 fxe6 23. e4 Nd7 24. h4 Rb2 25. b5 Nc5 26. Rh3 Kg7 27.
Rg3 e5 28. h5 Ne6 29. hxg6 hxg6 30. Rg4 Nd4 31. f4 exf4 32. Rxf4 e5 33. Rf2
Rb1+ 34. Kd2 Nxb5 35. Bxb5 Rxb5 36. Kd3 Rb4 37. g4 Kh6 38. Rf6 Kg5 39. Re6 Rb5
40. Kc4 Ra5 41. Rb6 Ra6 42. Rxb7 Rd6 43. Re7 Rd4+ 44. Kc3 Kf4 45. g5 Kxe4 46.
Rf7 Rd3+ 47. Kc2 Rg3 48. Kd2 Rxg5 49. Ke2 0-1

[Event "75 Bulgarian Individual Men"]
[Site "Bankya"]
[Date "2011.04.21"]
[Round "13.6"]
[White "Rusev, Krasimir"]
[Black "Nikolov, Sasho"]
[Result "1/2-1/2"]
[WhiteElo "2536"]
[BlackElo "2429"]
[PlyCount "61"]
[EventDate "2011.04.11"]

1. d4 d5 2. Nf3 e6 3. Bf4 Bd6 4. Bxd6 Qxd6 5. Nbd2 Nf6 6. e3 Nbd7 7. c3 O-O 8.
Be2 e5 9. dxe5 Nxe5 10. Nxe5 Qxe5 11. O-O c5 12. Re1 Bf5 13. Nf1 Rfd8 14. Ng3
Bg6 15. Bd3 Bxd3 16. Qxd3 Ne4 17. Rad1 Nxg3 18. hxg3 Qc7 19. e4 dxe4 20. Qxe4
h6 21. b3 b6 22. c4 Rxd1 23. Rxd1 Rd8 24. Rd5 Rxd5 25. Qxd5 g6 26. g4 Kg7 27.
Qe4 Qd6 28. g3 Qd2 29. Qe5+ Kh7 30. Qf6 Kg8 31. Qe5 1/2-1/2

[Event "75 Bulgarian Individual Men"]
[Site "Bankya"]
[Date "2011.04.21"]
[Round "13.7"]
[White "Lalev, Dimitar"]
[Black "Popchev, Milko"]
[Result "1/2-1/2"]
[WhiteElo "2389"]
[BlackElo "2465"]
[PlyCount "64"]
[EventDate "2011.04.11"]

1. e4 e5 2. Nf3 Nf6 3. Nxe5 d6 4. Nf3 Nxe4 5. Qe2 Qe7 6. d3 Nf6 7. Bg5 Qxe2+ 8.
Bxe2 Be7 9. O-O O-O 10. Re1 c6 11. h3 Na6 12. c3 Nc7 13. Nbd2 d5 14. Bf1 Ne6
15. Bh4 Re8 16. d4 Nd7 17. Bxe7 Rxe7 18. g3 Ndf8 19. Kg2 Bd7 20. Bd3 Rae8 21.
Nf1 g6 22. Re3 Ng7 23. Rae1 Rxe3 24. Rxe3 Rxe3 25. Nxe3 Ne8 26. Nf1 Nd6 27.
N1d2 Bf5 28. Bxf5 Nxf5 29. Kf1 Nd6 30. Ne1 Nd7 31. Nd3 Kf8 32. Ke2 Ke7 1/2-1/2